Revue des Deux Mondes (1829-1971)
محفوظ في:
التنسيق: دورية
اللغة: Undetermined
منشور في:
JSTOR
Revue des Deux Mondes
الموضوعات:
الوصول للمادة أونلاين: Login to view Source
الوسوم: إضافة وسم
لا توجد وسوم, كن أول من يضع وسما على هذه التسجيلة!
رقم الطلب:
| LEADER | 00549nas a2200181Ia 4500 | ||
|---|---|---|---|
| 008 | 220214c99999999xx |||||||||||| ||und|| | ||
| 022 | |a 0035-1962 | ||
| 022 | |a 2266-4734 | ||
| 245 | 0 | 0 | |a Revue des Deux Mondes (1829-1971) |
| 264 | 1 | |b JSTOR | |
| 264 | 1 | |b Revue des Deux Mondes | |
| 362 | 0 | |a Vol. 1(1829)-(1971) | |
| 653 | 1 | 0 | |a Humanities |
| 653 | 1 | 0 | |a Language & Literature |
| 856 | 4 | 0 | |u https://www.jstor.org/journal/revudeuxmond1829 |
| 942 | |c JL | ||
| 952 | |0 0 |1 0 |4 0 |7 1 |9 37024 |a JSR |b JSR |d 2022-02-14 |l 0 |r 2022-02-14 00:00:00 |w 2022-02-14 |y JL | ||
| 999 | |c 45356 |d 45356 | ||
